000
00283nam a2200109Ia 4500
008
220204s9999 xx 000 0 und d
082
_a
005
_b
MOH
100
_a
Mohr, H
245
0
_a
Lectures on structure and significance of science
260
_a
New York
_b
Springer
_c
1977
942
_c
BK
999
_c
28751
_d
28751